Yerelden ulusala bilişim eylem planı (Record no. 6904)

MARC details
000 -BAŞLIK
Sabit Uzunlukta Kontrol Alanı 00712na a2200253 4500
001 - KONTROL NUMARASI
Denetim Alanı 17015
003 - KONTROL NUMARASI IDENTIFIER
Denetim Alanı MIRAKIL
005 - SON İŞLEM TARİHİ VE ZAMANI
Denetim Alanı 20181213155122.0
008 - SABİT-BOY VERİ ELEMANLARI - GENEL BİLGİLER
Sabit Uzunlukta Kontrol Alanı 161021b tu 000 0
020 ## - ULUSLARARASI STANDART KİTAP NUMARASI
Uluslararası Standart Kitap Numarası 9759612224
035 ## - SİSTEM KONTROL NUMARASI
Sistem Kontrol Numarası 17015
040 ## - KATALOGLAMA KAYNAK
Orijinal Kataloglama Ajansı Milas
Kataloglama Dili tur
Metne Dönüştürmek Ajansı TR-AnCHP
041 ## - DİL KODU
Metin / Ses Parça Veya Ayrı Başlığın Dil Kodu tur
082 ## - DEWEY ONLU SINIFLANDIRMA NUMARASI
Sınıflandırma Numarası 338.47384
Ürün Numarası K61y 2001
090 ## - SINIFLAMA NUMARASI
Sınıflama Numarası 338.47384 K61y 2001
100 ## - ANA GİRİŞ - KİŞİSEL İSİM
Kişisel Ad Koçal, Yakup
245 ## - BAŞLIK TABLOSU
Başlık Yerelden ulusala bilişim eylem planı
Sorumluluk Tablosu, Vb Yakup Koçal
260 ## - YAYIN, DAĞITIM, VB
Yayın, Dağıtım, Vb Yeri İstanbul
Yayıncı, Dağıtıcı, Vs Adı [yayl.y.]
Yayın, Dağıtım, Vb Tarihi 2001
Üretici Firma Promat Basım Yayın
300 ## - FİZİKSEL TANIM
Kapsam 84 s.
Diğer Fiziksel Ayrıntıları tbl.
Boyutlar 21 sm.
500 ## - GENEL NOT
Genel Not Yapıt yazarından imzalıdır.
504 ## - KAYNAKÇA VB NOT
Kaynakça Vb Notu Kaynakça var.
650 ## - KONU KATMA GİRİŞ - TOPİKAL DÖNEM
Topikal Süreli Veya Coğrafi Ad Giriş Elemanı Bilişim sektörü
Genel Alt Bölümü Bilgi teknolojileri
942 ## - EKLENDİ GİRİŞ ELEMANLARI (KOHA)
Sınıflandırma Veya Raf Düzeni Kaynak Dewey Decimal Classification
Koha Öğesi Türü Books
999 ## - SİSTEM KONTROL NUMARALARI (KOHA)
Koha Biblionumber 6904
Koha Biblioitemnumber 6904
Holdings
Kalıcı Konum Mevcut Konum Edinme Tarihi Edinim Kaynak Toplam Check-Out'Lar Tam Çağrı Numarası Barkod Tarih Son Görülme İtibaren Geçerli Fiyatlar Koha Öğesi Türü
CHP Kütüphanesi CHP Kütüphanesi 10/21/2016 Bağış   338.47384 K61y 2001 006970 10/21/2016 10/21/2016 Books